Carregando...

Guideto Modern Thought

Detalhes bibliográficos
Autor principal: C.E.M Joad
Formato: Printed Book
Publicado em: London; Faber and Faber Limited;
Edição:Ist
Assuntos:
LEADER 00463nam a22001457a 4500
082 |a 100  |b JOA/G 
100 |a C.E.M Joad  |9 312476 
245 |a Guideto Modern Thought 
250 |a Ist 
260 |a London;  |b Faber and Faber Limited; 
300 |a 289p. 
650 |a English;Phiosophy  |9 308768 
942 |c BK 
999 |c 76281  |d 76281 
952 |0 0  |1 0  |4 0  |6 100_000000000000000_JOA_G  |7 0  |8 Engp  |9 89572  |a MAL  |b MAL  |d 2017-04-01  |e TE1188  |l 0  |o 100 JOA/G  |p MAL0TE1188  |r 2017-04-01  |t 1  |w 2017-04-01  |y BK